Etudes Sur La Tradition Islamique (Record no. 1801)

MARC details
000 -LEADER
fixed length control field 00536nam a2200229 a 4500
020 ## - INTERNATIONAL STANDARD BOOK NUMBER
ISBN
082 00 - DEWEY DECIMAL CLASSIFICATION NUMBER
Classification number 297.124
Author Cutter BER
100 ## - MAIN ENTRY--AUTHOR NAME
Author name Bercher, L
245 ## - TITLE STATEMENT
Title Etudes Sur La Tradition Islamique
260 ## - PUBLICATION, DISTRIBUTION, ETC. (IMPRINT)
Place of publication Paris
Name of publisher No Publishers
Year of publication 1952
300 ## - PHYSICAL DESCRIPTION
Number of Pages 355p
500 ## - GENERAL NOTE
General note includes index and biblioraphy
650 ## - SUBJECT ADDED ENTRY--TOPICAL TERM
Topical Term Hadith
942 ## - ADDED ENTRY ELEMENTS (KOHA)
Koha item type Books
700 1# -
-- Bercher, L
Holdings
Collection code Home library Current library Date acquired Cost, normal purchase price Full call number Accession Number Koha item type
  Henry Martyn Institute Library Henry Martyn Institute Library 08/28/2007 100.00 297.124 BER 03063 Books
                   Copyright © 2026 | Henry Martyn Institute | Hyderabad | TS-500052 | INDIA | Implemented by hmi.edu.in
Hit-Count:

Powered by Koha